000
00280nam a22001217a 4500
008
170301b xxu||||| |||| 00| 0 eng d
041
_a
eng
080
_a
61
100
_a
4
101
_a
SHM
245
_a
GUIDES TO CLINICAL BIOPSY ASPIRATION/ THYROID
_c
KINI, S.R
942
_2
udc
_c
BK
999
_c
6458
_d
6458